000 00877nam a22002897a 4500
003 CHAP
005 20220329140507.0
008 971013s r 00010 d
010 _a52805
011 _a53777
035 _a57927
040 _cCHAP
090 _aR-2042
100 0 0 _aWoyke, J.
_9122774
245 _aHow to determine the sex of living honeybee larvas
500 _aSobretiro de: pszczelwicze Zeszyty Naukowe 7(1):23-30, 1972
590 _aBATCH-UPD
_b10
_c20130110
_lUCH01
_h0125
590 _aBATCH-UPD
_b10
_c20130110
_lUCH01
_h0826
590 _aBATCH-UPD
_b10
_c20130409
_lUCH01
_h2119
590 _aBATCH-UPD
_b10
_c20130914
_lUCH01
_h2022
590 _aCONVERSION
_b10
_c20130109
_lUCH01
_h1329
650 1 4 _aAbejas.
_9182
650 1 4 _aSexo
_xDeterminación.
_9105416
901 _aBK
942 _cREIMP
949 _aR-2042
_bBC
_cR
_d-125834
_eTS1
_i57927
_si
999 _c52805
_d52805